000
00287nam a22001217a 4500
008
190311b xxu||||| |||| 00| 0 eng d
041
_a
eng
080
_a
043.3
100
_a
0
101
_a
SHKI-BA
245
_a
Aplikimi i Internet of Things ne Smart City
_c
Tahiri, G
942
_2
udc
_c
BK
999
_c
54708
_d
54708